Saiga M - zbraň do nepohody

Bibliographic Details
Main Author: Šramek, Tomáš (Author)
Format: Article
Language:Slovak
PhysicalDescription:Obr., tab.
ISSN:1335-5740
Subjects:

MARC

LEADER 00000nab a2200000 a 4500
001 vtls008303804
003 SK-MaSNL
005 20260304140046.0
008 250505c2005 xo zr|p|||||||000 b|slo
015 |a SNBRB2005/10  |2 snkbucl 
035 |a (uuid)01506c71-6543-489c-b374-9ed2cc70cd40 
035 |a urn:nbn:sk:snk-ab24c8 
035 |a (urnnbn)urn:nbn:sk:snk:ar-a01l7g 
038 |a SNKBUCL 
040 |a SNKBUCL  |b slo  |c SNKBUCL  |e AACR2 
041 0 |a slo 
044 |a xo  |c SK 
080 |a 623.442  |2 UDC-MRF-SK2 
080 |a 639.1.081.18  |2 UDC-MRF-SK2 
100 1 |a Šramek, Tomáš  |4 aut  |9 1061752 
245 1 0 |a Saiga M - zbraň do nepohody  |c Tomáš Šramek 
300 |b Obr., tab. 
650 0 7 |a Saiga M (guľovnica)  |2 snkbucl  |9 1456071 
650 0 7 |a samonabíjacie guľovnice  |2 snkbucl  |9 1084126 
773 0 |t Zbrane, strelci a lovci  |g Roč. VI, č. 3 (2005), s. 106-108  |x 1335-5740 
850 |a Slovenská národná knižnica 
852 |a Slovenská národná knižnica 
958 |a article27 
958 |a OND 
958 |a EUIPO 
999 |c 2913367  |d 2915297